<?xml version="1.0" encoding="UTF-8"?>
<collection xmlns="http://www.loc.gov/MARC21/slim">
  <record>
    <leader>00000nam  2200000   4500</leader>
    <controlfield tag="001">INLIS000000000015936</controlfield>
    <controlfield tag="005">20231002031631</controlfield>
    <datafield tag="035" ind1="#" ind2="#">
      <subfield code="a">0010-1023000018</subfield>
    </datafield>
    <controlfield tag="007">ta</controlfield>
    <controlfield tag="008">231002################|##########|#|##</controlfield>
    <datafield tag="084" ind1="#" ind2="#">
      <subfield code="a">R 140 PIM I 2022</subfield>
    </datafield>
    <datafield tag="100" ind1=" " ind2="#">
      <subfield code="a">Cahyani Suryandari</subfield>
    </datafield>
    <datafield tag="245" ind1="1" ind2="#">
      <subfield code="a">Strategi Peningkatan Partisipasi Publik yang Bermakna (Meaningfull Participation) Terhadap Pembentukan Peraturan Perundang-Undangan Melalui Revisi Kedua Perpres Nomor 87 Tahun 2014 /</subfield>
      <subfield code="c">Cahyani Suryandari</subfield>
    </datafield>
    <datafield tag="250" ind1="#" ind2="#">
      <subfield code="a">1</subfield>
    </datafield>
    <datafield tag="260" ind1="#" ind2="#">
      <subfield code="a">Jakarta :</subfield>
      <subfield code="b">Pusbangkom Pimnas dan Manajerial ASN,</subfield>
      <subfield code="c">2022</subfield>
    </datafield>
    <datafield tag="300" ind1="#" ind2="#">
      <subfield code="a">115 halaman :</subfield>
      <subfield code="b">ilus ;</subfield>
      <subfield code="c">30 cm</subfield>
    </datafield>
    <datafield tag="650" ind1="#" ind2="4">
      <subfield code="a">Meaningfull Participation</subfield>
    </datafield>
    <datafield tag="520" ind1="#" ind2="#">
      <subfield code="a">Strategi Peningkatan Partisipasi Publik yang bermakna (Meaningfull Participation) terhadap pembentukan peraturan Perundang-Undangan di Indonesia diwujudkan dalam bentuk kebijakan berupa revisi kedua atas Peraturan Presiden Nomor 87 Tahun 2014 sebagai pelaksanaan dari UU Nomor 13 Tahun 2022 tentang Perubahan Kedua atas UU Nomor 12 Tahun 2011 tentang Pembentukan Peraturan Perundang-Undangan sebagai Landasan/dasar hukum serta petunjuk/arah/panduan bagi Kementerian Hukum dan Hak Asasi Manusia serta K/L dan pemerintah daerah dalam melaksanakan partisipasi publik yang bermakna (meaningfull participation) terhadap Pembentukan Peraturan Perundang-Undangan sehingga dapat menghasilkan peraturan perundang-undangan yang responsif dan demokratis serta dapat diterima oleh masyarakat.</subfield>
    </datafield>
    <datafield tag="856" ind1="#" ind2="#">
      <subfield code="a">Perpustakaan LAN Pusat</subfield>
    </datafield>
    <datafield tag="990" ind1="#" ind2="#">
      <subfield code="a">140</subfield>
    </datafield>
  </record>
</collection>
